Diario de Don Manuel Antonio Talavera. Mayo a octubre de 1810

Wedi'i Gadw mewn:
Manylion Llyfryddiaeth
Prif Awdur: Talavera, Manuel Antonio (Awdur)
Fformat: Llyfr
Iaith:Sbaeneg
Cyhoeddwyd: Santiago Imprenta Mejía 1901
Rhifyn:2a. ed
Pynciau:
Tagiau: Ychwanegu Tag
Dim Tagiau, Byddwch y cyntaf i dagio'r cofnod hwn!

MARC

LEADER 00000nam a2200000 a 4500
001 UCJ5342
003 CL-VaPUC
008 070124e19010000CL |||||||||||||||||spa|d
082 0 4 |a 983  |b TAL  |2 21 
100 0 |a Talavera, Manuel Antonio  |e author  |9 510419 
245 1 0 |a Diario de Don Manuel Antonio Talavera. Mayo a octubre de 1810 
250 |a 2a. ed 
300 |a 132 p 
942 |c BK 
945 |d 20070124 00:00:00  |a rinostro 
260 |a Santiago  |b Imprenta Mejía  |c 1901 
500 |a Ambas copias contienen sólo la primera parte de la obra de Talavera, Revoluciones de Chile, vale decir aquella que cubre el período de mayo a octubre de 1810. La obra completa se encuentra en el volumen 29 de la Colección de Historiadores y de Documentos Relativos a la Independencia de Chile 
600 0 |a Egaña, Juan   |9 387807 
650 0 |a Independencia   |9 344246 
650 7 |a DOCUMENTOS  |2 CL-VaPUC  |9 366450 
651 7 |a CHILE  |2 CL-VaPUC  |9 510420 
583 |a last modification  |c 20070124 00:00:00  |k Rodrigo Vera 
999 |c 321452  |d 321450 
952 |0 0  |1 0  |4 0  |6 983_000000000000000_TAL_1901  |7 0  |8 X  |9 400192  |a FDOBUD  |b FDOBUD  |d 2019-11-22  |i 1033360  |o 983 TAL 1901  |p 1033360  |r 2019-11-22  |w 2019-11-22  |y BK_X  |k BUD 
952 |0 0  |1 0  |4 0  |6 983_000000000000000_TAL_1901  |7 0  |8 X  |9 400193  |a FDOBUD  |b FDOBUD  |d 2019-11-22  |i 1033530  |o 983 TAL 1901  |p 1033530  |r 2019-11-22  |w 2019-11-22  |y BK_X  |k BUD